| 000 | 00364nam a2200145Ia 4500 | ||
|---|---|---|---|
| 100 | _aChary/S.N | ||
| 942 | _cRB | ||
| 366 | _f20 | ||
| 654 | _aoperation management | ||
| 245 | _aTheory and problems in Production and Operations Management | ||
| 260 |
_bTata Mc Graw hill Ltd. _aNew Delhi _c2005 |
||
| 082 |
_a658.5/CHA _bCHA |
||
| 300 | _a681 | ||
| 546 | _aENGLISH | ||
| 999 |
_c33446 _d33446 |
||